30 Years of National Geographic Specials (Record no. 11124)
[ view plain ]
| 000 -LEADER | |
|---|---|
| fixed length control field | 01114nam a22002297a 4500 |
| 008 - FIXED-LENGTH DATA ELEMENTS--GENERAL INFORMATION | |
| fixed length control field | 090326s2004 at|||||s||||i000 0 eng d |
| 082 ## - DEWEY DECIMAL CLASSIFICATION NUMBER | |
| Edition number | 22 |
| Classification number | 910.60973 |
| Item number | GEO |
| 245 00 - TITLE STATEMENT | |
| Title | 30 Years of National Geographic Specials |
| Medium | [videorecording] / |
| Statement of responsibility, etc | Producer & writer Gail Willumsen, Editor Barry Nye and National Gographic Society |
| 246 ## - VARYING FORM OF TITLE | |
| Title proper/short title | Thirty years of National Geographic Specials |
| 260 ## - | |
| -- | [Australia] : |
| -- | National Geographic Society, |
| -- | 2004. |
| 300 ## - PHYSICAL DESCRIPTION | |
| Extent | 1 videodisc (ca 60 min.) : |
| Other physical details | sd., col. ; |
| Dimensions | 4 3/4 in. |
| 336 ## - CONTENT TYPE | |
| Source | rdacontent |
| Content type term | text |
| Content type code | txt |
| 337 ## - MEDIA TYPE | |
| Media type term | unmediated |
| Source | rdamedia |
| Media type code | n |
| 338 ## - CARRIER TYPE | |
| Carrier type term | volume |
| Carrier type code | nc |
| Source | rdacarrier |
| 520 ## - SUMMARY, ETC. | |
| Summary, etc | For three decades, National Geographic has set standards for spellbinding television documentaries. Now you can experience these landmark adventures into the unknown in this collector's video. |
| 655 ## - INDEX TERM--GENRE/FORM | |
| Genre/form data or focus term | Documentary films |
| 610 ## - SUBJECT ADDED ENTRY--CORPORATE NAME | |
| 9 (RLIN) | 14131 |
| Corporate name or jurisdiction name as entry element | National Geographic Society (U.S.) |
| 700 ## - ADDED ENTRY--PERSONAL NAME | |
| 9 (RLIN) | 14138 |
| Personal name | Willumsen, Gail |
| Relator term | Editor |
| 700 ## - ADDED ENTRY--PERSONAL NAME | |
| 9 (RLIN) | 14132 |
| Personal name | Nye, Barry |
| Relator term | Editor |
| 710 ## - ADDED ENTRY--CORPORATE NAME | |
| 9 (RLIN) | 14131 |
| Corporate name or jurisdiction name as entry element | National Geographic Society (U.S.) |
| 942 ## - ADDED ENTRY ELEMENTS (KOHA) | |
| Source of classification or shelving scheme | Dewey Decimal Classification |
| Koha item type | CD | DVD - Documentary (NB) |
| Classification part | RDA-MOD |
| Withdrawn status | Lost status | Source of classification or shelving scheme | Damaged status | Not for loan | Home library | Current library | Shelving location | Date acquired | Source of acquisition | Total Checkouts | Full call number | Barcode | Date last seen | Date checked out | Price effective from | Koha item type |
|---|---|---|---|---|---|---|---|---|---|---|---|---|---|---|---|---|
| Dewey Decimal Classification | Central Library | Central Library | Second Floor | 26/03/2009 | Purchase | 3 | 910.60973 GEO | 000015727 | 24/08/2022 | 03/03/2010 | 26/03/2009 | CD | DVD - Documentary (NB) |